| 000 | 00751cam a22002653a 4500 | ||
|---|---|---|---|
| 001 | 32388 | ||
| 003 | PGUSA | ||
| 005 | 20140828083712.0 | ||
| 008 | 100515s2010||||xxu|||||s|||||000 1 eng d | ||
| 040 |
_aPGUSA _beng |
||
| 042 | _adc | ||
| 050 | 4 | _aPR | |
| 100 | 1 |
_aRitchie, David G., _cMrs _q(David George) |
|
| 245 | 1 | 4 |
_aThe New Warden _h[electronic resource] / _cDavid G., Ritchie |
| 260 |
_bProject Gutenberg, _c2010 |
||
| 506 | _aPublic domain in the USA. | ||
| 516 | _aElectronic text | ||
| 653 | _aMate selection -- Fiction | ||
| 653 | _aUniversity of Oxford -- Fiction | ||
| 653 | _aLove stories | ||
| 653 | _aEnglish fiction | ||
| 830 | 0 |
_aProject Gutenberg _v32388 |
|
| 856 | 4 | 0 | _uhttp://www.gutenberg.org/ebooks/32388 |
| 942 | _cEB | ||
| 999 |
_c261643 _d261643 |
||